|
|
|
|
| LEADER |
01566cam a2200421 a 4500 |
| 001 |
nkc20122430380 |
| 003 |
CZ PrNK |
| 005 |
20130410103428.0 |
| 007 |
ta |
| 008 |
121109s2012 xr g 000 f cze d |
| 015 |
|
|
|a cnb002430380
|
| 020 |
|
|
|a 978-80-7222-861-4
|q (váz.)
|
| 035 |
|
|
|a (OCoLC)837502154
|
| 040 |
|
|
|a CBA001
|b cze
|d OLA001
|d ABA001
|
| 041 |
1 |
|
|a cze
|h ger
|h swe
|
| 072 |
|
7 |
|a 821.11
|x Germánské literatury
|2 Konspekt
|9 25
|
| 080 |
|
|
|a 821.113.6-31
|2 MRF
|
| 080 |
|
|
|a (0:82-312.4)
|2 MRF
|
| 100 |
1 |
|
|a Grebe, Camilla,
|d 1968-
|7 xx0160512
|4 aut
|
| 245 |
1 |
0 |
|a Terapeutka /
|c Camilla Grebe & Åsa Träff ; [z německého vydání ... přeložila Blanka Pscheidtová]
|
| 260 |
|
|
|a [Líbeznice] :
|b Víkend,
|c 2012
|
| 300 |
|
|
|a 286 s. ;
|c 21 cm
|
| 490 |
1 |
|
|a Severský krimiromán
|
| 500 |
|
|
|a Přeloženo z německého překladu švédského originálu
|
| 655 |
|
7 |
|a švédské romány
|7 fd133923
|2 czenas
|
| 655 |
|
7 |
|a detektivní romány
|7 fd132010
|2 czenas
|
| 655 |
|
9 |
|a Swedish fiction
|2 eczenas
|
| 655 |
|
9 |
|a detective novels
|2 eczenas
|
| 700 |
1 |
|
|a Träff, Åsa,
|d 1970-
|7 xx0160514
|4 aut
|
| 765 |
0 |
|
|t Nagon sorts frid
|9 Česky
|
| 765 |
0 |
8 |
|i Název německého překladu:
|t Therapeutin
|9 Česky
|
| 830 |
|
0 |
|a Severský krimiromán
|0 s
|
| 910 |
2 |
|
|a BOA001
|b 2-1297.994
|
| 990 |
|
|
|a BK
|
| 995 |
|
|
|a 01
|
| 991 |
|
|
|b 201303
|e b
|
| 996 |
6 |
|
|b 2610540058
|c 2-1297.994
|l MZK
|r Sklad / do 1 hodiny
|n 3
|p p.v.
|w 001313974
|u 000010
|a 1
|e BOA001
|j MZK50
|s P
|
| 996 |
7 |
|
|b 2610544918
|c 2-1297.994
|l MZK
|r Sklad / do 1 hodiny
|n 14
|p kup
|w 001313974
|u 000020
|a 1
|e BOA001
|j MZK50
|s A
|